000 00596nam a2200181 i 4500
001 78469
003 ES-MaACL
007 t|
008 041014s1975 sp ||||1| spa d
100 0 _aHarnecker, Marta,
_d1937-2019
_961867
245 1 4 _aLos conceptos elementales del materialismo histórico /
_cpor Marta Harnecker ; presentación por Luis Althusser.
250 _a[4ª ed.].
260 _a[Madrid] :
_bSiglo Veintiuno,
_c[1975]
300 _aXVII, 341 p. ;
_c18 cm.
700 1 _aAlthusser, Louis.
_920538
852 _aES-MaACL
_jE-8403
_bR.92479
999 _c78469
_d78469